000 00336nam a2200133Ia 4500
008 240624s9999 xx 000 0 und d
041 _aeng
082 _a828 OSH
100 _aOSHO
245 _aGREAT CHALLENGE EXPLORING THE WORLD WITH
260 _c2010
_aNew Delhi
_bHarperCollins
300 _a231 : p. : cm. ; 20
365 _cRS
_b25
999 _c18507
_d18507